Sentiers de Gnose /

Bibliographic Details
Main Author: Schuon, Frithjof, 1907-1998
Format: Book
Language:French
Published: [Paris] : La Place Royale, [1987]
Edition:Nouv. éd., rev. et corr.
Series:Collection Recouvrance.
Subjects:

MARC

Tag First Indicator Second Indicator Subfields
LEADER 00000cam a2200000 a 4500
001 in00000017796
005 20151007053517.0
008 880225s1987 fr 00010 fre d
020 |z 2906043007 
035 |a (OCoLC)17538959 
035 |9 AAB1913AM 
040 |a TXA  |c TXA  |d UtOrBLW 
049 |a TXAM  |c [A12554185] 
050 4 |a BL51  |b .S4657 1987 
100 1 |a Schuon, Frithjof,  |d 1907-1998. 
245 1 0 |a Sentiers de Gnose /  |c Frithjof Schuon. 
250 |a Nouv. éd., rev. et corr. 
264 1 |a [Paris] :  |b La Place Royale,  |c [1987] 
300 |a 179 pages ;  |c 21 cm. 
336 |a text  |b txt  |2 rdacontent 
337 |a unmediated  |b n  |2 rdamedia 
338 |a volume  |b nc  |2 rdacarrier 
490 1 |a Collection Recouvrance 
650 0 |a Religion  |x Philosophy. 
650 0 |a Gnosticism. 
830 0 |a Collection Recouvrance. 
999 |a MARS 
999 f f |s 35d04e64-347a-3af7-a119-7f2cf832b260  |i 7f756ecc-fe6d-39cb-b77b-e7ff863d78a3  |t 0 
952 f f |p ric  |a Texas A&M University  |b Rellis Campus  |c Joint Library Facility  |d Remote Storage  |t 0  |e BL51 .S4657 1987  |h Library of Congress classification  |i unmediated -- volume  |m A14812554185 
998 f f |a BL51 .S4657 1987  |t 0  |l Remote Storage